|
|
|
|
| LEADER |
00000nam0a2200000 4500 |
| 001 |
333950 |
| 005 |
20231101030757.0 |
| 035 |
|
|
|a (RuTPU)RU\TPU\book\359966
|
| 090 |
|
|
|a 333950
|
| 100 |
|
|
|a 20170705d1958 km y0rusy50 ca
|
| 101 |
0 |
|
|a rus
|
| 102 |
|
|
|a RU
|
| 105 |
|
|
|a a bg 000zy
|
| 200 |
1 |
|
|a Оборудование для заводов химической промышленности
|e каталог-справочник
|f под ред. В. М. Цмель ; сост. В. Р. Иоффе, И. С. Мительман, Р. В. Григорьев
|
| 205 |
|
|
|a 2-е изд., перераб. и доп.
|
| 210 |
|
|
|a Москва
|c Госхимиздат
|d 1958
|
| 215 |
|
|
|a 616 с.
|c ил.
|
| 606 |
1 |
|
|a Химические заводы
|x Оборудование
|2 stltpush
|3 (RuTPU)RU\TPU\subj\30881
|
| 610 |
1 |
|
|a центробежные насосы
|
| 610 |
1 |
|
|a центробежные вентиляторы
|
| 610 |
1 |
|
|a газодувки
|
| 610 |
1 |
|
|a вакуум-насосы
|
| 610 |
1 |
|
|a вакуум-эжекторные установки
|
| 610 |
1 |
|
|a редукторы
|
| 610 |
1 |
|
|a приводы
|
| 610 |
1 |
|
|a изделия из резины
|
| 610 |
1 |
|
|a подъемно-транспортное оборудование
|
| 610 |
1 |
|
|a сушилки
|
| 610 |
1 |
|
|a химическая аппаратура
|
| 610 |
1 |
|
|a лабораторные приборы
|
| 610 |
1 |
|
|a трубопроводная арматура
|
| 610 |
1 |
|
|a прессформы
|
| 610 |
1 |
|
|a штампы
|
| 610 |
1 |
|
|a металлическая тара
|
| 610 |
1 |
|
|a каталоги
|
| 610 |
1 |
|
|a справочники
|
| 675 |
|
|
|a 66:658
|v 4
|
| 702 |
|
1 |
|a Цмель
|b В. М.
|4 340
|
| 702 |
|
1 |
|a Иоффе
|b В. Р.
|4 220
|
| 702 |
|
1 |
|a Мительман
|b И. С.
|4 220
|
| 702 |
|
1 |
|a Григорьев
|b Р. В.
|4 220
|
| 801 |
|
1 |
|a RU
|b 63413507
|c 20170705
|
| 801 |
|
2 |
|a RU
|b 63413507
|c 20190621
|g RCR
|
| 942 |
|
|
|c BK
|